000 00635nam a2200253Ia 4500
005 20260121114323.0
008 008 260114s9999 xx 000 0 eng d
020 _a9781118686263
037 _aEBOOK
040 _aCRL
040 _beng
040 _cCRL
041 _2eng
041 _aeng
084 _qCRL
100 _aLarry Yet
_9973551
245 0 _aPrivileged Structures in Drug Discovery: Medicinal Chemistry and Synthesis
260 _bWiley
260 _c2018
856 _uhttps://onlinelibrary.wiley.com/doi/book/10.1002/9781118686263
942 _cEBOOK
999 _c1552805
_d1552805